000 00525nam a2200193 4500
001 4656
005 20230410142343.0
008 060907n1996 dr spa
020 _a8408019007
035 _9funglode4693
041 _aES
050 1 4 _aBX 1587 V7161 1996
100 _aVillapalos, Gustavo
245 1 3 _aEl libro de los valores /
_cGustavo Villapalos, Alfonso López Quintás
260 _aBarcelona :
_bPlaneta,
_c1996
300 _a453 p.
700 _aQuintás López, Alfonso
942 _2lcc
_cbk
999 _c94121
_d94121